Tax, Social Policy and Gender (Record no. 96933)

MARC details
000 -LEADER
fixed length control field 02031nam a2200241Ii 4500
008 - FIXED-LENGTH DATA ELEMENTS--GENERAL INFORMATION
fixed length control field 221202s xx 000 0 und d
245 #0 - TITLE STATEMENT
Title Tax, Social Policy and Gender
246 ## - VARYING FORM OF TITLE
Title proper/short title rethinking equality and efficiency
264 ## - PRODUCTION, PUBLICATION, DISTRIBUTION, MANUFACTURE, AND COPYRIGHT NOTICE
Name of producer, publisher, distributor, manufacturer ANU Press
Date of production, publication, distribution, manufacture, or copyright notice 2018
300 ## - PHYSICAL DESCRIPTION
Extent 1 online resource (384 pages)
336 ## - CONTENT TYPE
Content type term text
Content type code txt
Source rdacontent
337 ## - MEDIA TYPE
Media type term computer
Media type code c
Source rdamedia
338 ## - CARRIER TYPE
Carrier type term online resource
Carrier type code cr
Source rdacarrier
520 ## - SUMMARY, ETC.
Summary, etc. Gender inequality is profoundly unjust and in clear contradiction to the philosophy of the 'fair go'. In spite of some action by recent governments, Australia has fallen behind in policy and outcomes, even as the G20 group of nations, the Organisation for Economic Co-operation and Development and the International Monetary Fund are paying renewed attention to gender inequality. Tax, Social Policy and Gender presents new research on entrenched gender inequality in a comparative framework of human rights and fiscal sustainability. Ground-breaking empirical studies examine unequal returns to education for women and men, decision-making about child care by fathers and mothers, the history and gendered effects of the income tax and family payments, and women in the top 1 per cent. Contributors demonstrate how Australia's tax, social security, child care, parental leave, education, work and retirement income policies intersect to compound gender inequality. Tax, Social Policy and Gender calls for a rethinking of equality and efficiency in tax and social policy and provides new policy solutions. It offers a pathway to achieve gender mainstreaming for women's economic security and the wellbeing of all Australians.
653 ## - INDEX TERM--UNCONTROLLED
Uncontrolled term Australia
653 ## - INDEX TERM--UNCONTROLLED
Uncontrolled term Child Care
653 ## - INDEX TERM--UNCONTROLLED
Uncontrolled term Gender Equality
653 ## - INDEX TERM--UNCONTROLLED
Uncontrolled term Gender Inequality
653 ## - INDEX TERM--UNCONTROLLED
Uncontrolled term Income Tax
700 1# - ADDED ENTRY--PERSONAL NAME
Personal name Stewart, Miranda
856 ## - ELECTRONIC LOCATION AND ACCESS
Uniform Resource Identifier <a href="https://docs.google.com/spreadsheets/d/1yKIrdCPDAG_9c22mwoOIO2DOhtj65Wqa/edit?usp=sharing&ouid=106555315294820607512&rtpof=true&sd=true ">https://docs.google.com/spreadsheets/d/1yKIrdCPDAG_9c22mwoOIO2DOhtj65Wqa/edit?usp=sharing&ouid=106555315294820607512&rtpof=true&sd=true </a>
Link text List of Curated E-Books
942 ## - ADDED ENTRY ELEMENTS (KOHA)
Koha item type E-Book

No items available.

University of Rizal System
Email us at univlibservices@urs.edu.ph

Visit our Website www.urs.edu.ph/library